000 00780nam a2200253 a 4500
001 000021355
005 20200930011316.0
008 100906s2000 sp 000 f spa d
020 _a8420429872
040 _aDO-SdBNP
_bspa
_cBNPHU
082 _a863.64
_bR618L, 2000
100 1 _aRivas, Manuel,
_d1957-
_922745
240 1 0 _aO lapis do carpinteiro.
_lEspañol
245 1 3 _aEl lápiz del carpintero /
_cManuel Rivas ; traducción de Dolores Vilavedra.
250 _a12a ed.
260 _aMadrid :
_bAlfaguara,
_c2000.
300 _a201, [7] p. ;
_c22 cm.
534 _aTítulo original:
_tO lapis do carpinteiro
650 4 _aNovela española
_91123
650 4 _aLiteratura española
_9632
700 1 _aVilavedra, Dolores,
_etr.
_922746
910 _aWM
049 _aBNGR
999 _c20855
_d20855